[Event "SR 2. liga A 2010/2011"]
[Site "?"]
[Date "2010.12.05"]
[Round "24.7"]
[White "Vrba, Michal"]
[Black "Mosny, Jaroslav"]
[Result "1/2-1/2"]
[WhiteElo "1999"]
[BlackElo "1982"]
[PlyCount "83"]
[EventDate "2010.??.??"]
[WhiteTeam "Slovakia"]
[BlackTeam "II"]
[WhiteTeamCountry "SVK"]
[BlackTeamCountry "SVK"]

1. e4 e5 2. Nc3 Nf6 3. Bc4 Be7 4. d3 O-O 5. f4 exf4 6. Bxf4 d6 7. Nf3 c6 8. Bb3
Nbd7 9. O-O Nc5 10. Qe2 Nxb3 11. axb3 Be6 12. Kh1 Qd7 13. h3 d5 14. e5 Nh5 15.
Bh2 g6 16. g4 Ng7 17. Qe3 b6 18. Qh6 f5 19. exf6 Bxf6 20. Ng5 Bxg5 21. Qxg5
Rxf1+ 22. Rxf1 Rf8 23. Rxf8+ Kxf8 24. Qf6+ Qf7 25. Bd6+ Kg8 26. Be5 Qxf6 27.
Bxf6 Kf7 28. Bxg7 Kxg7 29. Kh2 Kf6 30. Kg3 g5 31. b4 Ke5 32. Ne2 d4 33. c3 c5
34. bxc5 bxc5 35. cxd4+ cxd4 36. h4 h6 37. hxg5 hxg5 38. Ng1 Bd5 39. Nh3 Kf6
40. Nf2 Ke5 41. Nh3 Kf6 42. Nf2 1/2-1/2

[Event "SR 2. liga A 2010/2011"]
[Site "?"]
[Date "2010.12.05"]
[Round "24.8"]
[White "Krist, Milan"]
[Black "Nagy, Edmund"]
[Result "1-0"]
[WhiteElo "2004"]
[BlackElo "1939"]
[PlyCount "83"]
[EventDate "2010.??.??"]
[WhiteTeam "Slovakia"]
[BlackTeam "II"]
[WhiteTeamCountry "SVK"]
[BlackTeamCountry "SVK"]

1. d4 Nf6 2. c4 c5 3. d5 d6 4. Nc3 g6 5. Nf3 Bg7 6. e3 O-O 7. Bd3 Na6 8. a3 Nc7
9. O-O a6 10. Bd2 Rb8 11. Qe2 b5 12. b3 b4 13. axb4 cxb4 14. Na4 Nfxd5 15. cxd5
Bxa1 16. Rxa1 Nxd5 17. Bc4 Nf6 18. e4 Bg4 19. Bh6 Re8 20. h3 Bxf3 21. Qxf3 Qa5
22. Rd1 Qe5 23. Bd5 Nxd5 24. Rxd5 Qa1+ 25. Kh2 Rec8 26. h4 Rb5 27. Qh3 e6 28.
Rxd6 Qe5+ 29. Qg3 Qxe4 30. Nb6 Rh5 31. Bg5 h6 32. Bf6 g5 33. Rd1 Rxh4+ 34. Kg1
Qc2 35. Re1 Rc7 36. Bxg5 Kh7 37. Bxh4 Rc3 38. Qe5 Qxb3 39. Qe4+ Kg8 40. Be7 a5
41. Qg4+ Kh7 42. Bf6 1-0

[Event "SR 2. liga A 2010/2011"]
[Site "?"]
[Date "2011.02.06"]
[Round "?"]
[White "Abel, Peter"]
[Black "Polasek, Filip"]
[Result "1-0"]
[WhiteElo "2172"]
[BlackElo "2113"]
[PlyCount "131"]
[EventDate "2010.??.??"]
[WhiteTeam "Piestany"]
[BlackTeam "Osuske II"]
[WhiteTeamCountry "SVK"]
[BlackTeamCountry "SVK"]

1. c4 e6 2. Nf3 d5 3. g3 dxc4 4. Qa4+ Bd7 5. Qxc4 Bc6 6. Bg2 Nd7 7. O-O Ngf6 8.
b3 Be7 9. Bb2 O-O 10. d3 Nb6 11. Qc2 a5 12. a3 Nfd7 13. Nbd2 Bf6 14. d4 a4 15.
b4 Qe7 16. Rfe1 e5 17. e4 Bb5 18. Rac1 c6 19. Bf1 Bxf1 20. Nxf1 exd4 21. Nxd4
Ne5 22. Ne3 Rfd8 23. Kg2 g6 24. Red1 Bg7 25. f4 Nec4 26. Nxc4 Nxc4 27. Qxc4
Qxe4+ 28. Kh3 Rd5 29. f5 gxf5 30. Rf1 Bxd4 31. Rf4 Bxb2 32. Rxe4 fxe4 33. Rb1
Bd4 34. b5 Rad8 35. bxc6 bxc6 36. Qxc6 e3 37. Qxa4 Bc3 38. Qc4 Bd2 39. Kg2 Kf8
40. Rb7 Rf5 41. Qe4 Rf2+ 42. Kh3 Re8 43. Qxh7 Bc3 44. Qh6+ Bg7 45. Qd6+ Kg8 46.
Rb8 Rxb8 47. Qxb8+ Kh7 48. Qb6 Bh6 49. a4 Rf1 50. Qb5 Rf2 51. Qc5 Rd2 52. Qf5+
Kg7 53. Qe5+ Kg6 54. a5 e2 55. a6 Ra2 56. a7 Rxa7 57. Qxe2 Bg5 58. Qe4+ Kh6 59.
Kg4 Re7 60. Qf5 f6 61. h4 Rg7 62. Kf3 Bxh4 63. gxh4 Rg6 64. Kf4 Kg7 65. Qd7+
Kh6 66. Qf7 1-0

[Event "SR 2. liga A 2010/2011"]
[Site "?"]
[Date "2011.03.06"]
[Round "9.3"]
[White "Fabry, Robert"]
[Black "Hecko, Dusan"]
[Result "1/2-1/2"]
[WhiteElo "2190"]
[BlackElo "2114"]
[Annotator "Fritz 12 (20s)"]
[PlyCount "83"]
[EventDate "2010.??.??"]
[WhiteTeam "Slovakia"]
[BlackTeam "Slovakia"]
[WhiteTeamCountry "SVK"]
[BlackTeamCountry "SVK"]

{A46: 1 d4 Nf6 2 Nf3 e6: Torre, London and Colle Systems} 1. Nf3 Nf6 2. b3 d6
3. d4 Bf5 4. Bb2 h6 {N} (4... Nc6 5. Nc3 $11) 5. e3 $14 e6 6. Bd3 Bxd3 7. Qxd3
c6 8. Nbd2 d5 9. O-O Nbd7 10. Rfd1 Be7 11. c4 O-O 12. Rac1 Rc8 13. cxd5 cxd5
14. Rxc8 Qxc8 15. Rc1 Qb8 16. e4 (16. Qc3 Nb6 $11) 16... dxe4 17. Nxe4 Rc8 18.
Nxf6+ Nxf6 19. Rxc8+ Qxc8 20. Qc3 Qxc3 21. Bxc3 Nd5 22. Bd2 Kf8 23. Kf1 Bd6 24.
Ke2 Ke7 25. Ne1 Kd7 ({Not} 25... Bxh2 26. g3 $16) 26. Nd3 Kc6 27. h3 b6 28. Ne1
Ne7 29. Nc2 Nf5 30. g4 Ne7 31. h4 f5 $2 $11 (31... Nd5) 32. f3 fxg4 33. fxg4
Nd5 34. Kf3 Be7 35. h5 Bd6 36. Ke4 Nf6+ 37. Kf3 Kd5 38. Bc3 Kc6 39. Be1 Nd5 40.
Bd2 Be7 41. Ke4 Nf6+ 42. Kf3 1/2-1/2

[Event "SR 2. liga A 2010/2011"]
[Site "?"]
[Date "2011.03.06"]
[Round "9.6"]
[White "Kolman, Richard"]
[Black "Spacek, Oliver"]
[Result "0-1"]
[WhiteElo "2107"]
[BlackElo "1887"]
[PlyCount "56"]
[EventDate "2010.??.??"]
[WhiteTeam "Slovakia"]
[BlackTeam "Slovakia"]
[WhiteTeamCountry "SVK"]
[BlackTeamCountry "SVK"]

1. d4 Nf6 2. Nf3 g6 3. Bg5 Bg7 4. Nbd2 d5 5. e3 h6 6. Bh4 c5 7. c3 Nbd7 8. Bd3
O-O 9. Ne5 Nxe5 10. dxe5 Ng4 11. f4 Nxe3 12. Qe2 d4 13. h3 b6 14. Be4 Rb8 15.
Bf2 Nd5 16. Qf3 dxc3 17. bxc3 Nc7 18. Rd1 Ba6 19. Bh4 Ne6 20. Nc4 Qc7 21. Ne3
Nxf4 22. Qxf4 Bxe5 23. Qf3 Bxc3+ 24. Kf2 Bd4 25. Rxd4 cxd4 26. Nd5 Qe5 27.
Nxe7+ Kg7 28. Re1 d3 {time} 0-1

[Event "SR 2. liga A 2010/2011"]
[Site "?"]
[Date "2011.03.26"]
[Round "10.4"]
[White "Hecko, Dusan"]
[Black "Krajnak, Robert"]
[Result "1/2-1/2"]
[WhiteElo "2118"]
[BlackElo "2083"]
[Annotator "Fritz 12 (20s)"]
[PlyCount "111"]
[EventDate "2010.??.??"]
[WhiteTeam "Slovakia"]
[BlackTeam "Slovakia"]
[WhiteTeamCountry "SVK"]
[BlackTeamCountry "SVK"]

{A34: Symmetrical English: 2 Nc3, lines with ...d5} 1. c4 c5 2. Nc3 Nf6 3. Nf3
e6 4. e3 Be7 5. Be2 O-O 6. O-O a6 {N} (6... b6) 7. b3 d6 8. d4 cxd4 9. Nxd4 Qc7
10. Bb2 Bd7 11. Rc1 Rc8 12. Qd2 Be8 13. Rfd1 Nbd7 14. h3 Nc5 15. Bf3 Rab8 16.
e4 Bf8 17. Nde2 Rd8 18. Nf4 Rbc8 19. Qe2 Qb8 20. Nd3 Nxd3 21. Qxd3 b5 22. cxb5
axb5 23. b4 (23. Ne2 Nd7 $11) 23... d5 24. exd5 $16 Bxb4 $2 25. Qe2 (25. Ne4
Nxe4 (25... Nxd5 $2 26. Ng5 $18 g6 27. Rxc8 Qxc8 28. Qd4 e5 29. Qh4 h5 30. Rxd5
) 26. Rxc8 Qxc8 27. Bxe4 f5 $16) 25... exd5 (25... Bxc3 $142 $5 26. Rxc3 Nxd5
27. Bxd5 Rxc3 28. Bxc3 exd5 $11) 26. Nxd5 $16 Nxd5 27. Rxc8 Rxc8 28. Bxd5 Bc6
$2 (28... Bc3 $5 $16) 29. Bxc6 (29. Bxg7 $142 {bolo lepsie} Kxg7 30. Qg4+ Kh8
31. Bxc6 $18) 29... Rxc6 30. Bxg7 $1 Kxg7 31. Qg4+ Rg6 32. Qxb4 h6 33. Rd7 (33.
Rd5 Qa8 34. Qb2+ Kh7 $18) 33... Qe5 34. Qd4 (34. Rd8 $5 Kh7 35. g3 Re6 $18)
34... Qxd4 $16 35. Rxd4 Ra6 36. Rb4 Rxa2 37. Rxb5 Rc2 38. g3 Ra2 39. Kg2 Ra3
40. h4 Rc3 41. g4 Ra3 42. f3 Rc3 43. Kg3 Rc4 44. Rh5 Ra4 45. g5 hxg5 $14 46.
Rxg5+ Kh6 47. Re5 Kg6 48. h5+ Kg7 49. f4 Ra6 50. Kg4 Rb6 51. Rd5 Ra6 52. Kg5
Rb6 53. Rd7 Rb5+ 54. f5 Rb6 55. Rd8 f6+ $11 56. Kf4 1/2-1/2

[Event "SR 2. liga A 2010/2011"]
[Site "?"]
[Date "2011.01.08"]
[Round "25.1"]
[White "Bezuch, Martin"]
[Black "Tibensky, Robert"]
[Result "0-1"]
[WhiteElo "2198"]
[BlackElo "2401"]
[PlyCount "68"]
[EventDate "2010.??.??"]
[WhiteTeam "Slovakia"]
[BlackTeam "Slovakia"]
[WhiteTeamCountry "SVK"]
[BlackTeamCountry "SVK"]

1. e4 c5 2. Nf3 d6 3. d4 cxd4 4. Nxd4 Nf6 5. Nc3 Nc6 6. Nb3 g6 7. Be3 a5 8. f3
a4 9. Nd2 a3 10. Nc4 axb2 11. Rb1 Bg7 12. Nb6 Ra3 13. Nxc8 Rxc3 14. Qd2 Rxe3+
15. Qxe3 Qxc8 16. c3 O-O 17. Rxb2 d5 18. Be2 dxe4 19. fxe4 Ne5 20. O-O Neg4 21.
Qf3 Qc7 22. g3 Ne5 23. Qe3 Nfg4 24. Bxg4 Nxg4 25. Qf3 Bxc3 26. Rbb1 Bd4+ 27.
Kh1 Ne5 28. Qf4 Ra8 29. Rfd1 Bc5 30. Rbc1 b6 31. Rd5 f6 32. Rcd1 Rxa2 33. h4
Rf2 34. Qh6 Rh2+ {0} 0-1

[Event "SR 2. liga A 2010/2011"]
[Site "?"]
[Date "2011.01.08"]
[Round "25.2"]
[White "Frindt, Kornel"]
[Black "Peitl, Tomas"]
[Result "0-1"]
[WhiteElo "2210"]
[BlackElo "2171"]
[PlyCount "67"]
[EventDate "2010.??.??"]
[WhiteTeam "Slovakia"]
[BlackTeam "Slovakia"]
[WhiteTeamCountry "SVK"]
[BlackTeamCountry "SVK"]

1. e4 e6 2. d4 d5 3. e5 c5 4. c3 Nc6 5. Nf3 Qb6 6. a3 c4 7. Be2 Bd7 8. Nbd2 Na5
9. O-O Ne7 10. Nh4 Ng6 11. Nxg6 hxg6 12. Re1 Be7 13. Rb1 Rc8 14. Bf1 Nb3 15.
Nxb3 Ba4 16. Bf4 Qxb3 17. Qd2 Qc2 18. Be2 b5 19. Qe3 a5 20. Rec1 Qf5 21. g4 Qe4
22. Qxe4 dxe4 23. Ra1 Kd7 24. Bf1 f5 25. exf6 gxf6 26. Bg2 g5 27. Bg3 f5 28.
Be5 Rh4 {bg3 Rh7 Be5} 29. Bd6 Bxd6 {Kxd6} 30. h3 {Rh4 gxf5 exf5 Kf1} Rch8 {
Ke2 g4 hxg4 Rxg4} 31. Bh1 {Rh2 Ke3 Kd5 Rg1} f4 {Ke2 Rxg1 Rxg1 Bc2 Rg5+ Kd6} 32.
Bxe4 {Bxe4 Rxb5 a4 Ra5} Bc2 {Rc5 Rh3} 33. Kf1 Bxe4 {Ra5 Bf3} 34. Ke1 {
Rh1+ Kd2 Rd1*} 0-1

[Event "SR 2. liga A 2010/2011"]
[Site "?"]
[Date "2011.01.08"]
[Round "25.3"]
[White "Sosovicka, Juraj"]
[Black "Janos, Ivan"]
[Result "1-0"]
[WhiteElo "2163"]
[BlackElo "2163"]
[PlyCount "103"]
[EventDate "2010.??.??"]
[WhiteTeam "Slovakia"]
[BlackTeam "Slovakia"]
[WhiteTeamCountry "SVK"]
[BlackTeamCountry "SVK"]

1. e4 c5 2. d4 cxd4 3. Nf3 d6 4. Nxd4 Nf6 5. Nc3 g6 6. Be3 a6 7. f3 b5 8. a4 b4
9. Nd5 Nxd5 10. exd5 Bb7 11. Bc4 Bg7 12. a5 O-O 13. Qd2 Nd7 14. Qxb4 Rb8 15.
Qd2 Qc7 16. Ra4 Nc5 17. Ra3 e5 18. dxe6 d5 19. exf7+ Qxf7 20. Be2 Rfe8 21. O-O
Qe7 22. Re1 Nd7 23. Bf2 Ne5 24. Bf1 Qd7 25. Nb3 Qc6 26. Nd4 Qd7 27. b4 Rbd8 28.
Nb3 Qc6 29. Nd4 Qd7 30. c3 Nc4 31. Bxc4 dxc4 32. Raa1 Rxe1+ 33. Rxe1 Re8 34.
Rxe8+ Qxe8 35. Ne2 h6 36. Bd4 Bf8 37. Qe3 Qxe3+ 38. Bxe3 Kf7 39. Kf2 Ke6 40.
Bd4 Bd6 41. g3 h5 42. Ke3 Kf5 43. h3 Ke6 44. f4 Kf7 45. Be5 Be7 46. Kd4 Bc6 47.
Ng1 Bb5 48. Nf3 Ke6 49. Nd2 g5 50. Nxc4 gxf4 51. gxf4 Bh4 52. f5+ {
kxf5 Nd6+ Ke6 Nxb5 Bf2+ Ke4 0} 1-0

[Event "SR 2. liga A 2010/2011"]
[Site "?"]
[Date "2011.01.08"]
[Round "25.4"]
[White "Gazi, Mikulas"]
[Black "Oprea, Erik"]
[Result "0-1"]
[WhiteElo "2138"]
[BlackElo "2116"]
[Annotator "Lesný,Štefan"]
[PlyCount "48"]
[EventDate "2010.??.??"]
[WhiteTeam "Slovakia"]
[BlackTeam "Slovakia"]
[WhiteTeamCountry "SVK"]
[BlackTeamCountry "SVK"]

1. e4 e5 2. Nf3 Nc6 3. Bb5 a6 {Na4 b5 Bb3 Na5 Bxf7+ kxf7} 4. Ba4 b5 5. Bb3 Na5
6. Bxf7+ Kxf7 7. Nxe5+ Ke7 8. b3 d6 9. Ba3 c5 10. b4 dxe5 11. bxa5 Qd4 12. Nc3
b4 13. Ne2 Qxe4 14. Bb2 Nf6 15. O-O Bb7 16. f3 Qd5 17. Re1 Kf7 18. Ng3 Re8 19.
Nf5 c4 20. Kh1 Bc5 21. Qe2 e4 22. Bxf6 exf3 23. Nd6+ Bxd6 24. Qf2 Bc5 0-1

[Event "SR 2. liga A 2010/2011"]
[Site "?"]
[Date "2011.01.08"]
[Round "25.5"]
[White "Szollos, Ondrej"]
[Black "Hartl, Jan"]
[Result "0-1"]
[WhiteElo "2065"]
[BlackElo "2118"]
[PlyCount "94"]
[EventDate "2010.??.??"]
[WhiteTeam "Slovakia"]
[BlackTeam "Slovakia"]
[WhiteTeamCountry "SVK"]
[BlackTeamCountry "SVK"]

1. e4 e5 2. Nf3 Nc6 3. d3 h6 4. c3 d5 5. Qc2 f5 6. Be2 Be7 7. Nbd2 Nf6 8. exd5
Nxd5 9. Nc4 Bf6 10. O-O O-O 11. Re1 Re8 12. Bf1 Kh8 13. Bd2 b5 14. Na3 a6 15.
Rad1 Qd6 16. Qc1 Nb6 17. c4 bxc4 18. dxc4 Qf8 19. h3 e4 20. Nh2 Na4 21. Bc3
Nxc3 22. bxc3 Bg5 23. f4 Qc5+ 24. Kh1 Be7 25. Nc2 Be6 26. Nd4 Bf7 27. g4 g6 28.
Nb3 Qa7 29. gxf5 gxf5 30. Nd4 Rg8 31. Bg2 Qc5 32. Nf1 Bh4 33. Re3 Bxc4 34. Rd2
Ne7 35. Qd1 Bf7 36. Nb3 Qb6 37. Rd7 Qg6 38. Re2 Bf6 39. Ne3 {Rc8 Nd4} c5 40.
Nc2 Be6 41. Rd6 Bxc3 42. Rxa6 {Rfd8 Rd6} Nc6 43. a3 Qf6 44. Kh2 Nd4 {Rxd8+ Rxd8
} 45. Rf2 Nf3+ 46. Bxf3 {Rxd1 Bxd1} Bd4 47. Rg2 Qh4 {0} 0-1

[Event "SR 2. liga A 2010/2011"]
[Site "?"]
[Date "2011.01.08"]
[Round "25.6"]
[White "Michal, Silvio"]
[Black "Hricak, Vasil"]
[Result "1/2-1/2"]
[WhiteElo "2094"]
[BlackElo "2051"]
[Annotator "Lesný,Štefan"]
[PlyCount "185"]
[EventDate "2010.??.??"]
[WhiteTeam "Slovakia"]
[BlackTeam "Slovakia"]
[WhiteTeamCountry "SVK"]
[BlackTeamCountry "SVK"]

1. c4 e6 2. Nc3 b6 3. e4 Bb7 4. d4 Bb4 5. d5 e5 6. Bd3 Bxc3+ 7. bxc3 d6 8. f4
Nd7 9. Nf3 Qe7 10. O-O Ngf6 11. fxe5 Nxe5 12. Bg5 h6 13. Bh4 g5 14. Bg3 Nfd7
15. Nd4 O-O-O 16. Nf5 Qf8 17. a4 a5 18. Be2 Ba6 19. Qd4 h5 20. Rab1 Re8 21. Rf2
Nc5 22. Bxe5 Rxe5 23. Bd3 Rh7 24. Rfb2 Bb7 25. Bc2 g4 26. Rb5 Kd7 27. Rf1 Qe8
28. Rf4 Ba6 29. Rb1 Kc8 30. Nxd6+ cxd6 31. Rxb6 Kc7 32. Rc6+ Kd7 33. Rf6 Qe7
34. Rf1 Rh6 35. Rb1 Rf6 36. Rb8 Rf4 37. Ra8 Qf6 38. Ra7+ Bb7 39. Qd1 Ke8 40.
Rxc5 dxc5 41. Rxb7 Kf8 42. Qe1 h4 $11 43. Bd3 g3 44. hxg3 hxg3 45. Qxg3 Rg5 46.
Rb8+ Ke7 47. d6+ Kd7 48. Qh3+ Qe6 49. Rb7+ Kc6 50. Qxe6 fxe6 51. d7 Rg8 52. Rb5
Rd8 53. Rxa5 Rxd7 54. Be2 Rb7 55. e5 Rb1+ 56. Kh2 Re1 57. Bf3+ Kd7 58. Rxc5 Re3
59. a5 Rxc3 60. a6 Ra3 61. Bb7 Rf5 62. Bc8+ Kd8 63. Bb7 Rg5 64. Rc8+ Kd7 65.
Rc5 Ra2 66. Kg1 Rf5 67. Rc6 Rxe5 68. Rc8 Rg5 69. c5 e5 70. c6+ Ke7 71. c7 Kd7
72. Rf8 Kxc7 73. Rf7+ Kd6 74. Rf2 Rxf2 75. Kxf2 Rg4 76. Kf3 Rf4+ 77. Ke3 Ra4
78. Kf3 Kc5 79. g4 Kd4 80. g5 Ra5 81. Kg4 e4 82. g6 Ra1 83. Kf5 e3 84. g7 e2
85. g8=Q e1=Q 86. Qd5+ Kc3 87. Qc5+ Kb2 88. Qb5+ Kc3 89. Qc5+ Kb2 90. Qb5+ Kc3
91. Qc6+ Kb2 92. Qg2+ Kc3 93. Qf3+ 1/2-1/2

[Event "SR 2. liga A 2010/2011"]
[Site "?"]
[Date "2011.01.08"]
[Round "25.7"]
[White "Prikler, Bruno"]
[Black "Kimerling, Martin"]
[Result "0-1"]
[WhiteElo "1962"]
[BlackElo "1920"]
[PlyCount "74"]
[EventDate "2010.??.??"]
[WhiteTeam "Slovakia"]
[BlackTeam "Slovakia"]
[WhiteTeamCountry "SVK"]
[BlackTeamCountry "SVK"]

1. g3 g6 2. Bg2 Bg7 3. d3 Nc6 4. a3 f5 5. Nd2 Nf6 6. e3 O-O 7. Ne2 e5 8. O-O d5
9. Rb1 Be6 10. b4 g5 11. f4 Ng4 12. Nb3 gxf4 13. exf4 e4 14. h3 Nf6 15. b5 Ne7
16. Ned4 Bf7 17. Be3 Qd6 18. Ne2 $11 Nd7 19. a4 a6 20. dxe4 fxe4 21. g4 axb5
22. axb5 h5 23. Bd4 hxg4 24. hxg4 Ra4 25. c3 Rfa8 26. Qe1 Qh6 27. Ng3 Bxd4+ 28.
Nxd4 Nc5 29. Ngf5 Nxf5 30. Nxf5 Qf6 31. Qh4 Qxh4 32. Nxh4 Rc4 33. b6 c6 34. g5
Bh5 35. Ra1 Rf8 36. f5 e3 37. Bf3 Rxh4 0-1

[Event "SR 2. liga A 2010/2011"]
[Site "?"]
[Date "2011.01.08"]
[Round "25.8"]
[White "Srna, Jan"]
[Black "Sosovicka, Matej"]
[Result "0-1"]
[WhiteElo "2047"]
[BlackElo "1932"]
[PlyCount "78"]
[EventDate "2010.??.??"]
[WhiteTeam "Slovakia"]
[BlackTeam "Slovakia"]
[WhiteTeamCountry "SVK"]
[BlackTeamCountry "SVK"]

1. d4 d5 2. Nf3 Nf6 3. b3 c5 4. e3 Nc6 5. Bb2 b6 6. a3 Bb7 7. Bd3 g6 8. O-O Bg7
9. Nbd2 O-O 10. Re1 Nd7 11. c4 e6 12. Rc1 Rc8 13. Bb1 Ne7 14. h3 Nf5 15. Bc3
Nd6 16. Ba2 Ne4 17. Bb2 f5 18. Qe2 g5 19. Ne5 Nxe5 20. dxe5 Qc7 21. cxd5 exd5
22. f4 Bh6 23. Nxe4 fxe4 24. g3 gxf4 25. gxf4 Kh8 26. Kh1 Rg8 27. Rg1 d4 28. b4
Rxg1+ 29. Rxg1 Qe7 30. Qh5 Bg7 31. Kh2 cxb4 32. Bb3 bxa3 33. Bxd4 Rc7 34. e6
Qd8 35. Rxg7 Rxg7 36. Bxg7+ Kxg7 37. Qf7+ Kh6 38. Qd7 Qh4 39. Qd2 Qf6 0-1

[Event "SR 2. liga A 2010/2011"]
[Site "?"]
[Date "2011.01.08"]
[Round "26.1"]
[White "Federic, Jozef"]
[Black "Petreje, Juraj"]
[Result "0-1"]
[WhiteElo "2283"]
[BlackElo "2228"]
[PlyCount "116"]
[EventDate "2010.??.??"]
[WhiteTeam "Slovakia"]
[BlackTeam "Slovakia"]
[WhiteTeamCountry "SVK"]
[BlackTeamCountry "SVK"]

1. d4 Nf6 2. c4 c6 3. Nf3 g6 4. Nc3 d5 5. h3 Bg7 6. Bf4 O-O 7. e3 a6 8. c5 Nbd7
9. Bd3 b5 10. b4 a5 11. a3 a4 12. Qc2 Bb7 13. O-O-O Re8 14. g4 Kh8 15. Bg3 Ng8
16. Ng5 Nh6 17. Nf3 f6 18. g5 fxg5 19. h4 g4 20. Ng5 e5 21. dxe5 Nxe5 22. Bxe5
Rxe5 23. Ne2 Qf6 24. Nf4 Nf5 25. Qb2 Qe7 26. Qc2 g3 27. Nf3 Rxe3 28. fxe3 Qxe3+
29. Qd2 Qxf3 30. Rdf1 Qe3 31. Qxe3 Nxe3 32. Rf3 Bh6 33. Kb1 Rf8 34. Rxe3 Bxf4
35. Rf3 Kg7 36. Rhf1 Bc8 37. Kc2 Bh3 38. Rg1 h5 39. Kb1 Bg4 40. Rff1 g5 41.
hxg5 h4 42. g6 Bf5 43. Bxf5 Rxf5 44. Rf3 Kxg6 45. Kc2 Kg5 46. Kd1 Kg4 47. Rff1
h3 48. Re1 Re5 49. Ref1 Re3 50. Kc2 Rxa3 51. Rd1 h2 52. Rge1 g2 53. Kb2 Rb3+
54. Ka2 Be3 55. Rg1 hxg1=Q 56. Rd4+ Kf3 57. Rf4+ Ke2 58. Rf1 Kxf1 0-1

[Event "SR 2. liga A 2010/2011"]
[Site "?"]
[Date "2011.01.08"]
[Round "26.2"]
[White "Bronis, Marian"]
[Black "Banas, Kamil"]
[Result "0-1"]
[WhiteElo "2136"]
[BlackElo "2255"]
[PlyCount "80"]
[EventDate "2010.??.??"]
[WhiteTeam "Slovakia"]
[BlackTeam "Slovakia"]
[WhiteTeamCountry "SVK"]
[BlackTeamCountry "SVK"]

1. d4 Nf6 2. c4 c5 3. d5 e6 4. Nc3 exd5 5. cxd5 d6 6. e4 g6 7. f4 Bg7 8. Bb5+
Nfd7 9. Nf3 a6 10. Bxd7+ Nxd7 11. O-O b5 12. e5 O-O 13. Re1 Nb6 14. e6 Ra7 15.
Ng5 fxe6 16. Nxe6 Bxe6 17. Rxe6 Bd4+ 18. Kh1 Raf7 19. Qd3 b4 20. Ne2 Bg7 21. a3
Rf5 22. axb4 Rxd5 23. Qb3 c4 24. Qc2 Qd7 25. Re3 Qb7 26. Bd2 Rdf5 27. Rea3 Ra8
28. Be3 d5 29. Qd2 c3 30. bxc3 Nc4 31. Qd3 Re8 32. Bd2 Nxa3 33. Rxa3 Qb5 34.
Qxb5 axb5 35. Nc1 Rxf4 36. Kg1 Rc4 37. Kf1 d4 38. cxd4 Rxd4 39. Nd3 Rde4 40.
Bf4 Rf8 0-1

[Event "SR 2. liga A 2010/2011"]
[Site "?"]
[Date "2011.01.08"]
[Round "26.3"]
[White "Mydlarik, Martin"]
[Black "Biro, Karol"]
[Result "0-1"]
[WhiteElo "2136"]
[BlackElo "2132"]
[PlyCount "108"]
[EventDate "2010.??.??"]
[WhiteTeam "Slovakia"]
[BlackTeam "Slovakia"]
[WhiteTeamCountry "SVK"]
[BlackTeamCountry "SVK"]

1. e4 c5 2. b3 Nc6 3. Bb2 e5 4. f4 d6 5. Nf3 exf4 6. Bb5 Bd7 7. O-O Nf6 8. Re1
Be7 9. d3 O-O 10. Qd2 Nh5 11. Nc3 Bf6 12. Rab1 Nd4 13. Bxd7 Nxf3+ 14. gxf3 Bd4+
15. Kh1 Qxd7 16. Nd5 Qh3 17. Bxd4 Qxf3+ 18. Qg2 Qxg2+ 19. Kxg2 cxd4 20. Ne7+
Kh8 21. Nf5 Rac8 22. Nxd4 Rc3 23. Kf3 g6 24. Re2 a6 25. Rd2 Rfc8 26. Rc1 Kg7
27. Ne2 g5 28. Nxc3 Rxc3 29. Rg2 h6 30. Ke2 d5 31. Kd2 d4 32. e5 Kg6 33. Re1
Rc7 34. Re4 Rd7 35. c3 dxc3+ 36. Kxc3 Kf5 37. Rd4 Re7 38. Rd6 Rxe5 39. Rxh6 f3
40. Rf2 Kg4 41. Rxh5 Kxh5 42. Rxf3 f5 43. d4 Ra5 44. a4 Kg4 45. Rf2 Rd5 46. Kc4
Rd7 47. d5 f4 48. Kd4 f3 49. b4 Kf4 50. b5 axb5 51. axb5 b6 52. Rc2 g4 53. Ra2
Re7 54. d6 Re2 0-1

[Event "SR 2. liga A 2010/2011"]
[Site "?"]
[Date "2011.01.08"]
[Round "26.4"]
[White "Mandak, Miroslav"]
[Black "Mruskovic, Radoslav"]
[Result "1-0"]
[WhiteElo "2069"]
[BlackElo "1962"]
[PlyCount "73"]
[EventDate "2010.??.??"]
[WhiteTeam "Slovakia"]
[BlackTeam "Slovakia"]
[WhiteTeamCountry "SVK"]
[BlackTeamCountry "SVK"]

1. Nf3 c5 2. g3 Nc6 3. Bg2 d5 4. O-O g6 5. d3 Bg7 6. Nbd2 Nf6 7. Re1 e5 8. e4
dxe4 9. dxe4 O-O 10. Qe2 Bg4 11. c3 Qe7 12. Nf1 h6 13. h3 Be6 14. N3d2 Rad8 15.
Ne3 a6 16. Kh2 b5 17. b3 Qd7 18. Bf1 b4 19. cxb4 Nxb4 20. Rd1 Qd4 21. Ba3 a5
22. Bxb4 cxb4 23. Bg2 Qa7 24. Ndc4 Nd7 25. Rd6 Nc5 26. Rad1 Rxd6 27. Rxd6 Nb7
28. Rd2 f5 29. exf5 gxf5 30. Bd5 Qa6 31. Nxa5 Qxa5 32. Bxe6+ Kh8 33. Nxf5 Nc5
34. Nxg7 Kxg7 35. Qxe5+ Kg6 36. Bg4 Rf6 37. Bh5+ 1-0

[Event "SR 2. liga A 2010/2011"]
[Site "?"]
[Date "2011.01.08"]
[Round "26.5"]
[White "Kundrak, Vladimir"]
[Black "Kebis, Milos"]
[Result "1/2-1/2"]
[WhiteElo "1961"]
[BlackElo "1994"]
[PlyCount "54"]
[EventDate "2010.??.??"]
[WhiteTeam "Slovakia"]
[BlackTeam "Slovakia"]
[WhiteTeamCountry "SVK"]
[BlackTeamCountry "SVK"]

1. e4 g6 2. d4 Bg7 3. Nc3 d6 4. Be3 Nf6 5. f3 O-O 6. Qd2 Nc6 7. O-O-O e5 8. d5
Ne7 9. Nge2 Ne8 10. g4 c6 11. h4 cxd5 12. Nxd5 Nxd5 13. Qxd5 Qc7 14. Nc3 Be6
15. Qd2 Qa5 16. Kb1 Nf6 17. Nd5 Qxd2 18. Nxf6+ Bxf6 19. Rxd2 Rfd8 20. c4 Kf8
21. h5 g5 22. Be2 b6 23. b3 Be7 24. a4 Rdc8 25. Rhd1 Rc6 26. Rd3 Rac8 27. Bc1
Ke8 1/2-1/2

[Event "SR 2. liga A 2010/2011"]
[Site "?"]
[Date "2011.01.08"]
[Round "26.6"]
[White "Povysil, Peter"]
[Black "Prielozny, Marek"]
[Result "0-1"]
[WhiteElo "2012"]
[BlackElo "2002"]
[PlyCount "54"]
[EventDate "2010.??.??"]
[WhiteTeam "Slovakia"]
[BlackTeam "Slovakia"]
[WhiteTeamCountry "SVK"]
[BlackTeamCountry "SVK"]

1. d4 Nf6 2. c4 c5 3. Nf3 cxd4 4. Nxd4 e5 5. Nb5 d5 6. cxd5 Bc5 7. N1c3 O-O 8.
e3 a6 9. Na3 Qe7 10. Be2 e4 11. Qb3 b5 12. Nc2 Nbd7 13. Bd2 Bb7 14. f3 b4 15.
Nxe4 Nxe4 16. fxe4 Qxe4 17. Bf3 Qh4+ 18. g3 Qf6 19. Rf1 a5 20. a4 Rac8 21. Bg4
Qe7 22. O-O-O Bd6 23. Bxd7 Qxd7 24. Kb1 Ba6 25. e4 Bc4 26. Qe3 Qxa4 27. Rf2
Ba2+ 0-1

[Event "SR 2. liga A 2010/2011"]
[Site "?"]
[Date "2011.01.08"]
[Round "26.7"]
[White "Sustak, Roman"]
[Black "Dolnak, Michal"]
[Result "0-1"]
[WhiteElo "1966"]
[BlackElo "1878"]
[PlyCount "68"]
[EventDate "2010.??.??"]
[WhiteTeam "Slovakia"]
[BlackTeam "Slovakia"]
[WhiteTeamCountry "SVK"]
[BlackTeamCountry "SVK"]

1. Nf3 d5 2. c4 d4 3. d3 Nc6 4. g3 Nf6 5. Bg2 e5 6. a3 a5 7. O-O Be7 8. e3 O-O
9. exd4 exd4 10. Bg5 Bf5 11. Re1 h6 12. Bxf6 Bxf6 13. Qc2 Re8 14. Nbd2 Qd7 15.
Nb3 Qd6 16. Rad1 Rad8 17. Qd2 b6 18. Nc1 Nb8 19. b4 axb4 20. Rxe8+ Rxe8 21.
Qxb4 Qxb4 22. axb4 Na6 23. b5 Nc5 24. Ne1 Bg5 25. Bf1 Na4 26. Na2 Nb2 27. Rb1
Nxc4 28. Nf3 Nd2 29. Nxd2 Bxd2 30. Rd1 Re1 31. Rxe1 Bxe1 32. Nc1 Bd7 33. Bg2
Bxb5 34. Kf1 Bd2 0-1

[Event "SR 2. liga A 2010/2011"]
[Site "?"]
[Date "2011.01.08"]
[Round "26.8"]
[White "Mikulasek, Viktor"]
[Black "Soldan, Jan"]
[Result "1-0"]
[WhiteElo "1928"]
[BlackElo "1884"]
[PlyCount "37"]
[EventDate "2010.??.??"]
[WhiteTeam "Slovakia"]
[BlackTeam "Slovakia"]
[WhiteTeamCountry "SVK"]
[BlackTeamCountry "SVK"]

1. e4 c5 2. Nf3 d6 3. d4 cxd4 4. Nxd4 Nf6 5. Nc3 a6 6. a3 e6 7. Bc4 b5 8. Ba2
Bb7 9. f3 g6 10. Be3 Bg7 11. Qd2 O-O 12. Bh6 Qb6 13. O-O-O Rd8 14. h4 Nc6 15.
Nxc6 Qxc6 16. h5 d5 17. e5 d4 18. exf6 Bxh6 19. Qxh6 1-0

[Event "SR 2. liga A 2010/2011"]
[Site "?"]
[Date "2011.01.08"]
[Round "27.1"]
[White "Vlcek, Stanislav"]
[Black "Schwarz, Dusan"]
[Result "1/2-1/2"]
[WhiteElo "2257"]
[BlackElo "2294"]
[PlyCount "25"]
[EventDate "2010.??.??"]
[WhiteTeam "Slovakia"]
[BlackTeam "Slovakia"]
[WhiteTeamCountry "SVK"]
[BlackTeamCountry "SVK"]

1. Nf3 {0} d5 2. c4 d4 3. g3 Nc6 4. Bg2 e5 5. d3 Nf6 6. O-O Be7 7. b4 Nxb4 8.
Nxe5 O-O 9. a3 Na6 10. Nd2 Bd6 11. Nef3 c5 12. Rb1 Rb8 13. Ng5 1/2-1/2